Sinais de fogo (Registo nº 226)

Detalhes MARC
000 -Etiqueta do registo
Cabeçalho 00713nam0a2200265 4500
005 - Identificador da versão
Campo de controlo 20240813121757.0
010 ## - Número internacional normalizado dos livros (ISBN)
Número (ISBN) 8496142183
021 ## - Número do Depósito Legal
Código do país PT
Número B. 8852-2003
100 ## - Dados gerais de processamento
Dados gerais de processamento 20030801d2003 m y0pory5003 ba
102 ## - Pais de publicação ou produção
País de publicação Portugal
101 0# - Língua de publicação
Língua do texto, banda sonora, etc. Português
106 ## - Campo de dados codificados: material textual
Dados codificados do material textual r
105 ## - Campo de dados codificados: livros
Dados codificados dos livros y z 000yy
215 ## - Descrição física 
Indicação específica da natureza do documento e extensão da espécie 542, [1] p
200 1# - Titulo e menção de responsabilidade
Título próprio Sinais de fogo
Primeira menção de responsabilidade Jorge de Sena
225 2# - Colecção 
Título próprio da colecção Mil folhas
Indicação de volume 48
210 ## - Publicação, Distribuição, etc. 
Lugar da edição, distribuição, etc. Porto
Nome do editor, distribuidor, etc. Público Comunicação Social
Data da publicação, distribuição, etc. imp. 2003
606 ## - Nome comum usado como assunto
Número de registo de entrada de autoridade 0002005
Palavra de ordem Literatura portuguesa
Subdivisão de assunto Romance
Código do sistema CA
675 ## - Classificação Decimal Universal (CDU)
Notação 821.134.3-31
Edição 3ª ed.
Língua da edição por
700 ## - Nome de autor-pessoa física (responsabilidade principal)
Número de registo de entrada de autoridade 0000283
Palavra de ordem Sena
Outra parte do nome não tomada para palavra de ordem Jorge de
Datas 1919-1978
966 ## - Identificação da Biblioteca
Sigla EB2,3ENM
942 ## - Elementos de entrada adicionados (Koha)
Tipo de item no Koha Livro
Exemplares
Situação do levantamento Origin of item (home branch) (coded) Biblioteca de empréstimo Código de barras Cota Circulation type (not for loan) Tipo de documento Nota do exemplar Damaged status
  Biblioteca Escolar Eng. Nuno Mergulhão Biblioteca Escolar Eng. Nuno Mergulhão BENM780 82LP-3 SEN   Livro Sem mensagem